000
00282nam a22001337a 4500
008
190311b xxu||||| |||| 00| 0 eng d
020
_a
9780735622739
041
_a
eng
080
_a
004
100
_a
28
101
_a
SHK
245
_a
Plain & Simple
_c
Joyce,J
942
_2
udc
_c
BK
999
_c
54663
_d
54663